|
|
|
|
| LEADER |
00000nam a2200000 a 4500 |
| 001 |
vtls001260657 |
| 003 |
SK-MaSNL |
| 005 |
20260301234459.0 |
| 008 |
240314s1835 HU 0 ger |
| 035 |
|
|
|a SNK000211505
|
| 040 |
|
|
|a SNK
|b slo
|c SNK
|e AACR2
|
| 041 |
0 |
|
|a ger
|
| 044 |
|
|
|a HU
|
| 100 |
1 |
|
|a Bel, Matej,
|d 1684-1749
|4 aut
|9 55205
|
| 245 |
1 |
0 |
|a Meliböi ungarischer Sprachmeister in einer ganz veränderten Gestalt
|c Matej Bel
|
| 250 |
|
|
|a 14. Aufl.
|
| 260 |
|
|
|a Pesth
|b Ludwig v. Landerer
|c 1835
|
| 300 |
|
|
|a [1], 326 s., 1 obr.
|c 8°
|
| 958 |
|
|
|a ONDV
|
| 958 |
|
|
|a RK
|
| 999 |
|
|
|c 970213
|d 972143
|
| 952 |
|
|
|a SNK
|b SNK
|y PREZ
|7 0
|p 17A0498535
|o snkSD 12937
|i snk790/57
|0 0
|1 0
|4 0
|d 1996-05-28
|l 0
|r 2025-11-26 00:00:00
|w 2026-02-24
|